Responses for Show #3401 - Monday, May 24, 1999

Michael Rooney game 4.

Contestants

[<< previous game]

Don Kaufman, a bartender from Harlan, Iowa

Abby Knight, a stay-at-home mom from Rainbow City, Alabama

Michael Rooney, a college instructor from Pasadena, California (whose 3-day cash winnings total $33,801)

[next game >>]

Jeopardy! Round responses

U.S. CITIES
TV CHARACTERS
RELIGION
DOUBTFUL DOWNLOADS
SLANGUAGE
PEOPLE IN HISTORY
    $100 11
New Orleans

Abby
    $100 6
3rd Rock from the Sun

Don
    $100 1
Islam

Michael
    $100 26
Gerber

Michael
    $100 21
birds and the bees

Abby
    $100 16
Aristotle

Michael
    $200 12
San Antonio

Abby
    $200 7
The Golden Girls

Abby
    $200 2
Christian Science

Michael
    $200 27
Babe

Michael
    $200 22
U.S. Marine

Michael
    $200 17
Hannibal

Michael
    $300 13
Miami

Michael
    $300 8
CHiPs

Don
    $300 3
John Wesley

Michael
    $300 28
Kurt Vonnegut

Michael
    $300 23
Sunday driver

Don
    $300 18
(Abby: Who is Captain Cook?)

Sir Francis Drake

MichaelAbby
    $400 14
St. Louis

Michael
    $400 9
Spin City

Abby
    $400 4
Israel

Triple Stumper
    $400 29
Matt Drudge

Michael
    $1,200 24
(Don: Alex, I've been waiting my whole life to say this: Let's make it a True Daily Double!)

flick

Don
    $400 19
Hermann Goering

Michael
    $500 15
Tombstone

Don
    $500 10
Perfect Strangers

Triple Stumper
    $500 5
Buddhism

Michael
    $500 30
(Don: What is Korean Air?)

TWA

MichaelDon
    $500 25
(Michael: What is a tuba?)
(Abby: What is a trombone?)

French horn

MichaelAbby
Triple Stumper
    $500 20
Father Damien

Triple Stumper

Scores at the first commercial break (after clue 15):

Michael Abby Don
$1,800 $900 $900

Scores at the end of the Jeopardy! Round:

Michael Abby Don
$4,000 $200 $1,900

Double Jeopardy! Round responses

MODERN AFRICAN WOMEN
COURTROOM DRAMAS
BIRDWATCHER'S LINGO
CHINESE LITERATURE
PREHISTORIC TIMES
"UGH"!
    $200 6
the Marathon

Michael
    $200 1
A Few Good Men

Michael
    $200 26
Molting

Don
    $200 16
(Don: What is Buddhism?)

Confucianism

MichaelDon
    $200 11
trilobites

Michael
    $200 21
the Pillsbury Doughboy

Michael
    $400 7
Jehan Sadat

Triple Stumper
    $400 2
Philadelphia

Abby
    $400 27
talons

Michael
    $400 17
play

Michael
    $400 12
hydrogen & helium

Michael
    $400 22
furlough

Don
    $600 8
Sade

Michael
    $600 3
To Kill A Mockingbird

Michael
    $600 28
[The end-of-round signal sounds.]

preening

Michael
    $600 18
the Cultural Revolution

Michael
    $600 13
(Michael: What are the arms?)
(Don: What is the spine?)
...
(Alex: Yes, Michael knew that, but that was his second choice.)
(Michael: I need to brush up on my Greek!)

fingers

MichaelDon
Triple Stumper
    $600 23
doughnuts

Abby
    $800 9
(Don: What is Jordan?)

Morocco

Don
Triple Stumper
    $800 4
Inherit The Wind

Abby
    $800 19
(Don: Who is Buddha?)

Lao-Tzu

MichaelDon
    $800 14
(Alex: Even the kids know it.)

Brachiosaurus

Triple Stumper
    $800 24
"Daughter"

Michael
    $1000 10
Ghana

Michael
    $1000 5
A Civil Action

Michael
    $1000 20
Li Po

Triple Stumper
    $1,000 15
carboniferous

Michael
    $600 25
(Michael: I will wager a modest $600, please.)
(Alex: Don't feel confident with "UGH"s, huh?)
...
[The Blue Boy was shown.]
...
(Alex: Less than a minute to go.)

Thomas Gainsborough

Michael

Scores at the end of the Double Jeopardy! Round:

Michael Abby Don
$13,200 $2,000 $100
(lock game)

[wagering suggestions for these scores]

Final Jeopardy! Round responses

VICTORY CELEBRATIONS
(Alex: There was the Tchaikovsky piano competition in Moscow [1958], and it was won by [*].)
DonWho is Heifitz?
$50
AbbyWho is ?
$1,700
MichaelWho is Gu Mahler?
$7,000
Van Cliburn

Final scores:

Michael Abby Don
$6,200 $300 $50
4-day champion: $40,001 2nd place: Trip to New York City 3rd place: Hobie Pedal-Drive Kayak

Game dynamics:

Coryat scores:

Michael Abby Don
$13,600 $2,000 -$700
34 R
(including 2 DDs),
2 W
8 R,
2 W
7 R
(including 1 DD),
5 W

Combined Coryat: $14,900

[game clues] [game scores] [suggest correction]

Game tape date: 1999-02-23
The J! Archive is created by fans, for fans. Scraping, republication, monetization, and malicious use prohibited; this site may use cookies and collect identifying information. See terms. The Jeopardy! game show and all elements thereof, including but not limited to copyright and trademark thereto, are the property of Jeopardy Productions, Inc. and are protected under law. This website is not affiliated with, sponsored by, or operated by Jeopardy Productions, Inc. Join the discussion at JBoard.tv.